Catálogo
 En Linea

El Encubierto / (Registro nro. 11699)

Detalles MARC
000 -CABECERA
campo de control de longitud fija 01078cam a2200337 a 4500
001 - NÚMERO DE CONTROL
campo de control 000012031
003 - IDENTIFICADOR DEL NÚMERO DE CONTROL
campo de control UkOxU
005 - FECHA Y HORA DE LA ÚLTIMA TRANSACCIÓN
campo de control 20200929162650.0
008 - DATOS DE LONGITUD FIJA--INFORMACIÓN GENERAL
campo de control de longitud fija 990308s1997 sp b 000 0dspa d
020 ## - NÚMERO INTERNACIONAL ESTÁNDAR DEL LIBRO
Número Internacional Estándar del Libro 8460565491
035 ## - NÚMERO DE CONTROL DEL SISTEMA
Número de control de sistema (NjP)notisCHE5302
035 ## - NÚMERO DE CONTROL DEL SISTEMA
Número de control de sistema (CStRLIN)NJPG98-B60449
035 ## - NÚMERO DE CONTROL DEL SISTEMA
Número de control de sistema (CStRLIN)NJPG98-B60449
040 ## - FUENTE DE LA CATALOGACIÓN
Centro catalogador/agencia de origen DO-SdBNP
Centro/agencia transcriptor NjP
042 ## - CÓDIGO DE AUTENTICACIÓN
Código de autenticación pcc
043 ## - CÓDIGO DE ÁREA GEOGRÁFICA
Código de área geográfica e-sp---
050 #4 - SIGNATURA TOPOGRÁFICA DE LA BIBLIOTECA DEL CONGRESO
Número de clasificación DP164
Número de documento/Ítem .G372 1997
082 ## - NÚMERO DE LA CLASIFICACIÓN DECIMAL DEWEY
Número de clasificación nnn
Número de documento/Ítem G215e
049 ## - FONDOS LOCALES (OCLC)
Fondos de biblioteca BNGR
100 1# - ENTRADA PRINCIPAL--NOMBRE DE PERSONA
Nombre de persona García Valdecasas, Guillermo.
9 (RLIN) 28450
245 13 - MENCIÓN DE TÍTULO
Título El Encubierto /
Mención de responsabilidad, etc. Guillermo García Valdecasas.
260 ## - PUBLICACIÓN, DISTRIBUCIÓN, ETC.
Lugar de publicación, distribución, etc. Valencia :
Nombre del editor, distribuidor, etc. G. G. Valdecasas,
Fecha de publicación, distribución, etc. 1997.
300 ## - DESCRIPCIÓN FÍSICA
Extensión 38 p. ;
Dimensiones 22 cm.
504 ## - NOTA DE BIBLIOGRAFÍA, ETC.
Nota de bibliografía, etc. Incluye referencias bibliográficas.
600 10 - PUNTO DE ACCESO ADICIONAL DE MATERIA--NOMBRE DE PERSONA
Nombre de persona Enríquez de Ribera, Enrique.
9 (RLIN) 28451
651 #0 - PUNTO DE ACCESO ADICIONAL DE MATERIA--NOMBRE GEOGRÁFICO
Nombre geográfico Spain
Subdivisión general History
Subdivisión cronológica Ferdinand and Isabella, 1479-1516
9 (RLIN) 28452
651 #0 - PUNTO DE ACCESO ADICIONAL DE MATERIA--NOMBRE GEOGRÁFICO
Nombre geográfico Valencia (Spain{Rpara}
Subdivisión general History.
9 (RLIN) 28453
651 #0 - PUNTO DE ACCESO ADICIONAL DE MATERIA--NOMBRE GEOGRÁFICO
Nombre geográfico Valencia (Spain{Rpara}
Subdivisión general Social Conditions.
9 (RLIN) 28454
651 #0 - PUNTO DE ACCESO ADICIONAL DE MATERIA--NOMBRE GEOGRÁFICO
Nombre geográfico Spain
Subdivisión general Kings And Rulers
-- Succession.
9 (RLIN) 28455
910 ## - DATOS DE OPCIÓN DEL USUARIO (OCLC)
Datos de opción del usuario Catalogación derivada LC/
Existencias
Estado de retiro Estado de pérdida Restricciones de uso No para préstamo Código de colección Localización permanente Ubicación/localización actual Ubicación en estantería Fecha de adquisición Número de inventario Total de préstamos Signatura topográfica completa Código de barras Fecha visto por última vez Precio válido a partir de Tipo de ítem Koha
    Préstamo interno   Monografías: Libros y Folletos General General En catalogación 03.11.2009 LF1   nnn G215e 12031-10 25.06.2020 25.06.2020 Préstamo interno

Con tecnología Koha